000 00410nam a2200145Ia 4500
008 090124s9999 xx 000 0 und d
082 _b400377
245 _a जादुगार फकीर
250 _a1
260 _bचौधरी रामकृष्ण
_c1975
300 _a40
630 _a जादुगार फकीर
730 _a जादुगार फकीर
942 _cBOOK
999 _c196298
_d196298